00597nam a2200169 a 450000100080000000500110000800800410001910000220006024501370008226000800021965000250029965300190032470000200034370000230036370000220038670000190040810268922025-11-24 2018 bl uuuu u01u1 u #d1 aPEREIRA, E. de O. aExecucao de projeto piloto para conscientizacao ambiental de uma comunidade escolar do municipio de Irupi/ES.h[electronic resource] aIn: Encontro de Educadores Ambientais do IFES, 3; 2018 : Ibatiba, ES.c2018 aEducação Ambiental aProjeto piloto1 aSILVA, L. M. da1 aCOSTA, L. M. S. G.1 aPEIXOTO, L. M. F.1 aPEREIRA, V. A.